000 01194nam a2200325Ia 4500
001 ebr10505581
003 CaPaEBR
006 m u
007 cr cn|||||||||
008 010730s2001 caua sb 000 0 eng d
010 _z 2001048219
020 _z9780833030528
020 _z9780833032324
020 _z0833030523
040 _aCaPaEBR
_cCaPaEBR
035 _a(OCoLC)50875163
050 1 4 _aJC328.5
_b.T74 2001eb
082 0 4 _a322.4/2
_221
245 0 0 _aTrends in outside support for insurgent movements
_h[electronic resource] /
_cDaniel Byman ... [et al.].
260 _aSanta Monica, CA :
_bRand,
_c2001.
300 _axxiv, 138 p. :
_b1 ill.
504 _aIncludes bibliographical references.
533 _aElectronic reproduction.
_bPalo Alto, Calif. :
_cebrary,
_d2011.
_nAvailable via World Wide Web.
_nAccess may be limited to ebrary affiliated libraries.
650 0 _aInsurgency.
650 0 _aWorld politics
_y1989-
655 7 _aElectronic books.
_2local
700 1 _aByman, Daniel,
_d1967-
710 2 _aebrary, Inc.
856 4 0 _uhttp://site.ebrary.com/lib/rucke/Doc?id=10505581
_zAn electronic book accessible through the World Wide Web; click to view
999 _c219966
_d219966